000 00787nab a2200241 4500
003 BR-BrBNA
005 20250410115023.0
008 250410b bl.||||| |||| 00| 0 por d
040 _aBR-BrBNA
_bpor
072 _aF01 ; E16 ; P06
_b0230 ; 8961
100 _aAndrade, Lívia
245 _aEssa bolha pode estourar?
_bAgroeconomia
500 _a2 illus.
650 _aCANA DE AÇÚCAR
650 _aÁLCOOL
650 _aBIOCOMBUSTÍVEL
650 _aGANHO DE PRODUÇÃO
650 _aUSINA AÇUCAREIRA
650 _aPETRÓLEO
773 0 _01706
_9346669
_dSão Paulo-SP Editora Três Ltda - E-mail: luizfsa@revistadinheiro.com.br 2004
_o2024-7380
_tDinheiro Rural (Brazil)
_x1807-3700
_gv. 3(24) p. 24-25; (Oct 2006)
_wBR2025000566
942 _cANA
999 _c330960
_d330960